An introduction to probability theory and its applications
Сохранить в:
| Главный автор: | |
|---|---|
| Формат: | |
| Язык: | английский |
| Опубликовано: |
Nueva York
John Wiley & Sons
1966
|
| Серии: | Wiley Series in Probability and Mathematical Statistics
|
| Предметы: | |
| Метки: |
Добавить метку
Нет меток, Требуется 1-ая метка записи!
|
MARC
| LEADER | 00000nam a2200000 a 4500 | ||
|---|---|---|---|
| 001 | UCQ8914 | ||
| 003 | CL-VaPUC | ||
| 008 | 981217e19660000US |||||||||||||||||eng|d | ||
| 082 | 0 | 4 | |a 519.2 |b FEL |2 21 |
| 100 | 0 | |a Feller, William |e author |9 423225 | |
| 245 | 1 | 3 | |a An introduction to probability theory and its applications |
| 300 | |a v | ||
| 942 | |c BK | ||
| 945 | |d 19981217 00:00:00 |a crobeson | ||
| 260 | |a Nueva York |b John Wiley & Sons |c 1966 | ||
| 650 | 0 | |a Teoría de probabilidades |9 336944 | |
| 650 | 0 | |a Ecuaciones |9 260137 | |
| 650 | 0 | |a Matemática aplicada |9 260236 | |
| 583 | |a last modification |c 19981217 00:00:00 |k Rodrigo Vera | ||
| 490 | 0 | |a Wiley Series in Probability and Mathematical Statistics | |
| 999 | |c 278079 |d 278077 | ||
| 952 | |0 0 |1 0 |4 0 |6 519_200000000000000_FEL_1966 |7 0 |8 A |9 316421 |a BIBGIM |b BIBGIM |d 2019-11-20 |h v.2 |i 130593K |o 519.2 FEL 1966 |p 130593K |r 2025-01-15 |w 2019-11-20 |y BK |k EST | ||